000 00580 a2200169 4500
001 ART_46020
005 20260410161731.0
008 260409a
245 1 0 _aEstudio sobre prácticas de evaluación de docentes universitarios del área contable
100 1 _aLarramendy, Elsa
700 1 _aTellechea, Pamela
700 1 _aFonseca, Diana Luján
700 1 _aTavella, Laura
700 1 _aBüechele, Gisela
700 1 _aFernández Lorenzo, Liliana Edith
773 0 _tEscritos contables y de administración
_g- Vol. 6, Nº 2 (jul./dic. 2015)
_wREV2758
999 _c17834
_d17834